| 000 | 00354nam a2200121 4500 | ||
|---|---|---|---|
| 999 |
_c9962 _d9962 |
||
| 008 | 180724b ||||| |||| 00| 0 eng d | ||
| 100 |
_929422 _aFillon, Laure |
||
| 245 |
_aWorld tourism numbers hit new record in 2015/ _cLaure Fillon |
||
| 260 |
_aPhilippines _bManila Bulletin _cc2016 |
||
| 300 | _apage B14. | ||
| 650 | 0 |
_929423 _aTourism. |
|
| 942 |
_2ddc _cPER |
||